书目信息 |
| 题名: |
磨床设计制造
|
|
| 作者: | ;上海机床厂七二一工人大学 编 | |
| 分册: | 下册 | |
| 出版信息: | 上海 上海人民出版社 1975 |
|
| 页数: | 397页 | |
| 开本: | 26cm | |
| 丛书名: | ||
| 单 册: | ||
| 中图分类: | TG580.21 | |
| 科图分类: | ||
| 主题词: | 磨床--设计 , 磨床--制造 | |
| 电子资源: | ||
| ISBN: | ||
| 000 | 00674nam0 2200229 45 | |
| 001 | 0175002113 | |
| 005 | 20060726173221.42 | |
| 010 | @dCNY1.75 | |
| 100 | @a19951014d1975 em y0chiy0121 ea | |
| 101 | 0 | @achi |
| 102 | @aCN@b310000 | |
| 105 | @ay z 000yy | |
| 200 | 10 | @a磨床设计制造@Amo chuang she ji zhi zao@h下册@f上海机床厂“七·二 一”工人大学编 |
| 210 | @a上海@c上海人民出版社@d1975 | |
| 215 | @a397页@d26cm | |
| 606 | @a磨床@x设计 | |
| 606 | @a磨床@x制造 | |
| 690 | @aTG580.21@v3 | |
| 711 | 02 | @a上海机床厂七二一工人大学@Ashang hai ji chuang chang qi er yi gong ren da xue@4编 |
| 801 | 2 | @aCN@bNLC@c20060726 |
| 801 | 0 | @aCN@bTSSF |
| 905 | @a10447@dTG580.21@e21 | |
| 磨床设计制造.下册/上海机床厂“七·二 一”工人大学编.-上海:上海人民出版社,1975 |
| 397页;26cm |
| ISBN :CNY1.75 |
| ● |
| 相关链接 |
|
|
|
|
正题名:磨床设计制造
索取号:TG580.21/21
 
预约/预借
| 序号 | 登录号 | 条形码 | 馆藏地/架位号 | 状态 | 备注 |
| 1 | 0438346 | 204383461 | 密集书库/ [索取号:TG580.21/21] | 在馆 |